[Event "Hvar Arsenal blitz op 2nd"]
[Site "Hvar"]
[Date "2023.10.19"]
[Round "7"]
[White "Petric, Roko"]
[Black "Omerkic, Ahmed"]
[Result "0-1"]
[WhiteElo "1519"]
[BlackElo "1942"]
[PlyCount "76"]
[EventDate "2023.10.19"]
[EventType "swiss (blitz)"]
[EventRounds "11"]
[EventCountry "CRO"]
[SourceTitle "Mega2024 Update 01"]
[Source "Chessbase"]
[SourceDate "2023.11.12"]
[SourceVersion "1"]
[SourceVersionDate "2023.11.12"]
[SourceQuality "1"]

1. e4 g6 2. d4 Bg7 3. Nc3 d6 4. Nf3 Nf6 5. e5 Nfd7 6. exd6 cxd6 7. g3 0-0 8. Bg2 Nc6 9. d5 Nb4 10. a3 Na6 11. 0-0 Nf6 12. Bg5 Qa5 13. Bxf6 Bxf6 14. Qd2 Qd8 15. Rab1 Nc5 16. Rfe1 a6 17. Ne4 Nxe4 18. Rxe4 Bf5 19. Re2 Rc8 20. Qd1 Qc7 21. Ne1 Bg4 22. f3 Qc5+ 23. Kh1 Bf5 24. b4 Qb5 25. Nd3 Rc3 26. Rd2 Rfc8 27. Rc1 Bxd3 28. Rxd3 Rxd3 29. cxd3 Rxc1 30. Qxc1 Qxd3 31. Qc8+ Kg7 32. h3 Qd1+ 33. Kh2 Bd4 34. g4 Qg1+ 35. Kg3 Qf2+ 36. Kh2 Be5+ 37. Kh1 Qe1+ 38. Bf1 Qxf1# 0-1

[Event "Hvar Arsenal blitz op 2nd"]
[Site "Hvar"]
[Date "2023.10.19"]
[Round "9"]
[White "Petric, Roko"]
[Black "Patel, Zain"]
[Result "0-1"]
[WhiteElo "1519"]
[BlackElo "1755"]
[PlyCount "36"]
[EventDate "2023.10.19"]
[EventType "swiss (blitz)"]
[EventRounds "11"]
[EventCountry "CRO"]
[SourceTitle "Mega2024 Update 01"]
[Source "Chessbase"]
[SourceDate "2023.11.12"]
[SourceVersion "1"]
[SourceVersionDate "2023.11.12"]
[SourceQuality "1"]

1. e4 e5 2. Nf3 Nc6 3. Bc4 Bc5 4. Nc3 Nf6 5. d3 0-0 6. Bg5 h6 7. Bh4 a6 8. Nd5 Be7 9. Nxe7+ Qxe7 10. 0-0 d6 11. h3 Be6 12. Bxe6 Qxe6 13. c3 Ne7 14. Qb3 Ng6 15. Bxf6 Qxf6 16. Qxb7 Nf4 17. Qxc7 Qg6 18. Qd7 Qxg2# 0-1